000 00471nam a2200181Ia 4500
005 20250326141117.0
008 250326s9999 xx 000 0 und d
037 _aTextbook
040 _aFMSL
_beng
_cFMSL
041 _aeng
_2eng
084 _qFMSL
100 _aKakar S
_990029
245 0 _aCulture and psyche selected essays
_cKakar S
260 _aDelhi
_bDelhi, Oxford University Press
_c1997
300 _a141p
942 _cTB
999 _c1288746
_d1288746